| 000 | 00521 a2200157 4500 | ||
|---|---|---|---|
| 020 | _a1842653474 | ||
| 020 | _a9781842653470 | ||
| 082 | 0 | 4 | _a530.41 |
| 090 |
_c616 _d616 |
||
| 100 | 1 | _aBarua, K. C. | |
| 245 | 1 | 0 |
_aIntroduction to condensed matter physics / _cK. C. Barua. |
| 260 |
_a[S.l.] : _bAlpha Science Intl Ltd, _c2007. |
||
| 300 |
_a313 p. ; _c26 cm. |
||
| 942 |
_aSNS _cBK _k530.41 BAR |
||
| 999 |
_c29246 _d29246 |
||